| 000 | 00854nam a2200229Ii 4500 | ||
|---|---|---|---|
| 003 | JO-AjNU | ||
| 008 | 230605s9999||||xx |||||||||||||| ||und|| | ||
| 017 | _a4401 | ||
| 020 | _a977-368-072-X | ||
| 040 |
_aJO-AjNU _bara _erda _cJO-AjNU |
||
| 041 | _aara | ||
| 050 | 1 | 4 | _aHF5548.32 .S296.2008 |
| 100 | 3 |
_aالصيرفي،محمد, _eauthor _932765 |
|
| 245 | 0 | 0 | _aالتجارة الالكترونية |
| 264 | 3 | 1 | _aالاسكندرية:مؤسسة حورس الدولية للنشر والتوزيع؛2008 |
| 300 |
_a581ص _bيحتوي على ببلوغرافية من ص 574-581ص |
||
| 336 |
_atext _btxt _2rdacontent |
||
| 337 |
_aunmediated _bn _2rdamedia |
||
| 338 |
_avolume _bnc _2rdacarrier |
||
| 490 | 0 | _aسلسلة كتب المعارف الادارية الكتاب الثامن | |
| 650 | 4 |
_aالتجارة الالكترونية _932766 |
|
| 999 |
_aA13265 _c16833 _d16833 |
||